US States List - Statistics

General Stats
  • This quiz has been taken 173 times
  • The average score is 45 of 50
Answer Stats
State % Correct
California
98%
Alabama
96%
Arizona
96%
Alaska
95%
Arkansas
95%
New York
95%
Florida
94%
Virginia
94%
Georgia
93%
Hawaii
93%
North Carolina
93%
Ohio
93%
Texas
93%
Washington
93%
Connecticut
92%
Idaho
92%
South Carolina
92%
Colorado
91%
Kansas
91%
Maine
91%
Michigan
91%
New Jersey
91%
New Mexico
91%
Tennessee
91%
West Virginia
91%
Illinois
90%
Nevada
90%
New Hampshire
90%
Delaware
89%
Indiana
89%
Minnesota
89%
Mississippi
89%
North Dakota
89%
Rhode Island
89%
South Dakota
89%
Wisconsin
89%
Wyoming
89%
Kentucky
88%
Montana
88%
Pennsylvania
88%
Massachusetts
87%
Oregon
87%
Iowa
86%
Louisiana
86%
Maryland
86%
Missouri
86%
Oklahoma
86%
Utah
86%
Nebraska
84%
Vermont
84%
No matching quizzes found
Score Distribution
Percent of People with Each Score
Percentile by Number Answered
Your Score History
You have not taken this quiz